Syndróm lepivých doštičiek v gynekológii a pôrodníctve

Podrobná bibliografia
Hlavní autori: Biringer, Kamil, 1978- (Autor), Danko, Ján, 1950- (Autor), Siváková, Jana (Autor), Sokol, Juraj, 1985- (Autor), Kubisz, Peter, 1942-2022 (Autor)
Médium: Článok
Jazyk:slovenčina
ISBN:9788097099930

MARC

LEADER 00000naa a2200000uu 4500
001 vtls011051006
003 SK-MaSNL
005 20260501054855.0
008 210909|2012 xo |||||||||||||||||slo|
015 |a SNBRA 
035 |a (urnnbn)urn:nbn:sk:snk:ar-00980i 
035 |a (uuid)57238d38-8e45-4d0a-a7fd-6173c75fcb65 
035 |a urn:nbn:sk:snk-aav1gk 
040 |a SNKBUCL  |b slo  |c SNKBUCL  |e AACR2 
041 0 |a slo 
044 |a xo  |c SK 
100 1 |a Biringer, Kamil,  |d 1978-  |4 aut  |9 196139 
245 1 0 |a Syndróm lepivých doštičiek v gynekológii a pôrodníctve  |c Kamil Biringer, Ján Danko, Jana Siváková, Juraj Sokol, Peter Kubisz 
700 1 |a Danko, Ján,  |d 1950-  |4 aut  |9 133280 
700 1 |a Siváková, Jana  |4 aut  |9 417556 
700 1 |a Sokol, Juraj,  |d 1985-  |4 aut  |9 188062 
700 1 |a Kubisz, Peter,  |d 1942-2022  |4 aut  |9 192814 
773 0 |t XIX. kongres Slovenskej gynekologicko-pôrodníckej spoločnosti SLS s medzinárodnou účasťou  |d Košice] : LAGARTO, 2012  |g S. 26-27  |z 9788097099930 
958 |a OND 
958 |a article12 
958 |a chapter 
999 |c 1255586  |d 1257516